000 00857nam a22002537a 4500
005 20170123162313.0
010 _aB-098274
020 _c35.00
035 _aB-098274
037 _bCen Lib/Ret
040 _aDPL
_bUR
082 _a270.207
_bچ ی ش
100 _aچشتی، خلیلرّہماں
_9113160
245 _aدرسِ قرآن کی تیاری کیسی کی جائے
_cچشتی خلیلرہمن
246 _aDrse quran ki teyari kaise ki jaye /
_bby Khaleel Arhman Chishti
260 _bمقتبہ الحسنات
_aنیی دہلی
_c2004
270 _bنیی دہلی
_aکچہ چھلاندریاگنج
_e110002
300 _a80p.
_c21cm(pbk)
650 _aاسلام
_9113161
650 _aقران
_9536
650 _aIslam
_95289
650 _aQuraan
_9113162
942 _2ddc
_cUR
_h270.207
_mچ ی ش
999 _c106553
_d106553